000 00315nam a2200109Ia 4500
008 200302s9999 xx 000 0 und d
100 _aHaigo Shen
245 _aThe Master Architect Series V- Haigo Shen & Partners (Selected & Current Works)
260 _bImages Publishing, Austraila
260 _c2002
300 _a240
999 _c4521
_d4521